000 00211nam a22000857a 4500
008 170130b xxu||||| |||| 00| 0 eng d
100 _92666
_aNCERT
245 _aPhysics for class XII
260 _aNew Delhi
_bNCERT
_c2009
999 _c5822
_d5822